000
00492nam a2200181Ia 4500
008
090124s9999 xx 000 0 und d
082
_b
125964
100
_a
मेहता शशिकला
245
_a
मनस्विनी
250
_a
1
260
_c
1987
300
_a
203
600
_a
मेहता शशिकला
630
_a
मनस्विनी
700
_a
मेहता शशिकला
730
_a
मनस्विनी
942
_c
BOOK
999
_c
172054
_d
172054